000
00260nam a2200109Ia 4500
008
230907s9999||||xx |||||||||||||| ||und||
082
_a
621.46
_b
BOL
100
_a
Boldea, I.,
_9
115445
245
0
_a
Electric drives /
300
_a
xxi, 650 pages ;
942
_c
BK
999
_c
598415
_d
598415